Analiz chozjajstvennoj dejateľnosti promyšlennych predprijatij
Na minha lista:
| Formato: | Livro |
|---|---|
| Idioma: | russo |
| Publicado em: |
Moskva
Gosplanizdat
1949
|
| Tags: |
Sem tags, seja o primeiro a adicionar uma tag!
|
MARC
| LEADER | 00000nam a2200000 4500 | ||
|---|---|---|---|
| 001 | 0315258 | ||
| 005 | 20260304123539.2 | ||
| 041 | 0 | |a rus | |
| 044 | |a RU | ||
| 245 | 1 | 0 | |a Analiz chozjajstvennoj dejateľnosti promyšlennych predprijatij |c H. R. Vejcman |
| 264 | 1 | |a Moskva |b Gosplanizdat |c 1949 | |